| Поле | Название | Значение |
| |
Тип записи |
c |
| |
Библиографический уровень |
m |
| 001 |
Контрольный номер |
RU/IS/BASE/513861062 |
| 005 |
Дата корректировки |
20240312111827.6 |
| 010 |
Индекс ISBN |
__ |
| 9 |
Тираж |
25000 экз. |
| 013 |
Номер (ISMN) |
__ |
| d |
Цена |
1 р. 26 к. |
| 100 |
Данные общей обработки |
__ |
| a |
Данные общей обработки |
20160408d1972 u y0rusy0189 ca |
| 101 |
Язык документа |
0_ |
| a |
Язык текста |
rus |
| f |
Язык титульного листа |
rus |
| 102 |
Страна публикации |
__ |
| a |
Страна публикации |
RU |
| 105 |
Кодированные данные (монография) |
__ |
| a |
Кодированные данные (монография) |
y###||||000|y |
| 125 |
Кодированные данные звукозаписи и нотных изданий |
__ |
| a |
Форма изложения нотного текста |
с| |
| 128 |
Кодированные данные (звукозаписи-физические характеристики) |
__ |
| a |
Кодированные данные: Музыкальная форма и тональность или лад |
zz |
| b |
Инструменты или голоса, необходимые для ансамблей (устаревшее) |
kt|| |
| c |
Инструменты или голоса, рекомендуемые для солистов (устаревшее) |
kt|| |
| 200 |
Заглавие и сведения об ответственности |
1_ |
| a |
Заглавие |
Вып. 23 |
| e |
Сведения, относящиеся к заглавию |
сб. произведений для баяна [ансамблей баянов] |
| 210 |
Выходные данные |
1_ |
| d |
Дата издания |
1972 |
| 215 |
Физическое описание |
__ |
| a |
Объем |
167 с. |
| 327 |
Примечание о содержании |
11 |
| a |
Примечание о содержании |
Содерж. : Дмитриев В. Веселые трубачи ; До встречи. - Блок В. Матросская кадриль ; Молодежная летка-енка. - Купревич В. Тульский самовар. - Дымов О. Русская кадриль ; Мечты. - Яковенко П. Полька ; На прогулке. - Кузнецов Н. Лесное озеро ; Зеленая улица. - Свешников В. Лагуна ; Посиделки. - Звонарев О. Белая ночь ; Летний вечер. - Птичкин Е. Знакомый ритм ; Ритмический танец. - Корнев В. Смешная кадриль ; Кедровый орешек. - Захаров И. Пою о тебе ; Свидание. - Бяшаров Ш. Полька-шутка. - Соколов Н. Романс ; В новом цирке. - Парцхаладзе М. Вальс : из музыки к спектаклю "Одни, без ангелов" ; О тебе мечты. - Сорокин К. Ожидание ; Первое признание. - Макаров Е. Облака. - Коняев С. На закате дня ; Солнечные блики. - Мотов В. Прощальный вальс ; Ты пойми. - Мещерин В. Огни вечернего города ; Пиццикато. - Лепин А. Раз, два, три - казачок! - Агафонов О. Медленный фокстрот ; Молдавская полька. - Гаврилов Л. Новогодний вальс ; Хоровод. - Свеределушул : молд. нар. танец / обраб. П. Балана. - Никифоров Ю. Листопад ; На эстакаде. - Бинкин З. Голубое небо ; На заре. - Слонов Ю. Вальс-экспромт. - Мовчанюк Ф. Нам весело. - Рохлин Е. Зеленый мыс. - Маруга Б. У околицы : муз картинка. - Пономаренко Г. А где мне взять такую песню. - Иванов В. Лирический вальс. |
| 461 |
Уровень набора |
_0 |
| 1 |
|
001RU/IS/BASE/513343390 |
| 1 |
|
200 |
| a |
|
Играй, мой баян |
| b |
|
[Ноты] |
| v |
|
Вып. 23 |
| 1 |
|
210 |
| a |
|
М. |
| c |
|
Воениздат |
| d |
|
[1956] - |
| 464 |
Аналитический уровень |
_0 |
| 1 |
|
2001 |
| a |
|
Веселые трубачи |
| 1 |
|
700 1 |
| a |
|
Дмитриев |
| b |
|
В. |
| 464 |
Аналитический уровень |
_0 |
| 1 |
|
2001 |
| a |
|
До встречи |
| 1 |
|
700 1 |
| a |
|
Дмитриев |
| b |
|
В. |
| 464 |
Аналитический уровень |
_0 |
| 1 |
|
2001 |
| a |
|
Матросская кадриль |
| 1 |
|
700 1 |
| a |
|
Блок |
| b |
|
В. |
| 464 |
Аналитический уровень |
_0 |
| 1 |
|
2001 |
| a |
|
Молодежная летка-енка |
| 1 |
|
700 1 |
| a |
|
Блок |
| b |
|
В. |
| 464 |
Аналитический уровень |
_0 |
| 1 |
|
2001 |
| a |
|
Тульский самовар |
| 1 |
|
700 1 |
| a |
|
Купревич |
| b |
|
В. |
| 464 |
Аналитический уровень |
_0 |
| 1 |
|
2001 |
| a |
|
Русская кадриль |
| 1 |
|
700 1 |
| a |
|
Дымов |
| b |
|
О. |
| 464 |
Аналитический уровень |
_0 |
| 1 |
|
2001 |
| a |
|
Мечты |
| 1 |
|
700 1 |
| a |
|
Дымов |
| b |
|
О. |
| 464 |
Аналитический уровень |
_0 |
| 1 |
|
2001 |
| a |
|
Полька |
| 1 |
|
700 1 |
| a |
|
Яковенко |
| b |
|
П. |
| 464 |
Аналитический уровень |
_0 |
| 1 |
|
2001 |
| a |
|
На прогулке |
| 1 |
|
700 1 |
| a |
|
Яковенко |
| b |
|
П. |
| 464 |
Аналитический уровень |
_0 |
| 1 |
|
2001 |
| a |
|
Лесное озеро |
| 1 |
|
700 1 |
| a |
|
Кузнецов |
| b |
|
Н. |
| 464 |
Аналитический уровень |
_0 |
| 1 |
|
2001 |
| a |
|
Зеленая улица |
| 1 |
|
700 1 |
| a |
|
Кузнецов |
| b |
|
Н. |
| 464 |
Аналитический уровень |
_0 |
| 1 |
|
2001 |
| a |
|
Лагуна |
| 1 |
|
700 1 |
| a |
|
Свешников |
| b |
|
В. |
| 464 |
Аналитический уровень |
_0 |
| 1 |
|
2001 |
| a |
|
Посиделки |
| 1 |
|
700 1 |
| a |
|
Свешников |
| b |
|
В. |
| 464 |
Аналитический уровень |
_0 |
| 1 |
|
2001 |
| a |
|
Белая ночь |
| 1 |
|
700 1 |
| a |
|
Звонарев |
| b |
|
О. |
| 464 |
Аналитический уровень |
_0 |
| 1 |
|
2001 |
| a |
|
Летний вечер |
| 1 |
|
700 1 |
| a |
|
Звонарев |
| b |
|
О. |
| 464 |
Аналитический уровень |
_0 |
| 1 |
|
2001 |
| a |
|
Знакомый ритм |
| 1 |
|
700 1 |
| a |
|
Птичкин |
| b |
|
Е. |
| 464 |
Аналитический уровень |
_0 |
| 1 |
|
2001 |
| a |
|
Ритмический танец |
| 1 |
|
700 1 |
| a |
|
Птичкин |
| b |
|
Е. |
| 464 |
Аналитический уровень |
_0 |
| 1 |
|
2001 |
| a |
|
Смешная кадриль |
| 1 |
|
700 1 |
| a |
|
Корнев |
| b |
|
В. |
| 464 |
Аналитический уровень |
_0 |
| 1 |
|
2001 |
| a |
|
Кедровый орешек |
| 1 |
|
700 1 |
| a |
|
Корнев |
| b |
|
В. |
| 464 |
Аналитический уровень |
_0 |
| 1 |
|
2001 |
| a |
|
Пою о тебе |
| 1 |
|
700 1 |
| a |
|
Захаров |
| b |
|
И. |
| 464 |
Аналитический уровень |
_0 |
| 1 |
|
2001 |
| a |
|
Свидание |
| 1 |
|
700 1 |
| a |
|
Захаров |
| b |
|
И. |
| 464 |
Аналитический уровень |
_0 |
| 1 |
|
2001 |
| a |
|
Полька-шутка |
| 1 |
|
700 1 |
| a |
|
Бяшаров |
| b |
|
Ш. |
| 464 |
Аналитический уровень |
_0 |
| 1 |
|
2001 |
| a |
|
Романс |
| 1 |
|
700 1 |
| a |
|
Соколов |
| b |
|
Н. |
| 464 |
Аналитический уровень |
_0 |
| 1 |
|
2001 |
| a |
|
В новом цирке |
| 1 |
|
700 1 |
| a |
|
Соколов |
| b |
|
Н. |
| 464 |
Аналитический уровень |
_0 |
| 1 |
|
2001 |
| a |
|
Вальс |
| e |
|
из музыки к спектаклю "Одни, без ангелов" |
| 1 |
|
700 1 |
| a |
|
Парцхаладзе |
| b |
|
М. |
| 1 |
|
50010 |
| a |
|
Одни, без ангелов |
| 464 |
Аналитический уровень |
_0 |
| 1 |
|
2001 |
| a |
|
О тебе мечты |
| 1 |
|
700 1 |
| a |
|
Парцхаладзе |
| b |
|
М. |
| 464 |
Аналитический уровень |
_0 |
| 1 |
|
2001 |
| a |
|
Ожидание |
| 1 |
|
700 1 |
| a |
|
Сорокин |
| b |
|
К. |
| 464 |
Аналитический уровень |
_0 |
| 1 |
|
2001 |
| a |
|
Первое признание |
| 1 |
|
700 1 |
| a |
|
Сорокин |
| b |
|
К. |
| 464 |
Аналитический уровень |
_0 |
| 1 |
|
2001 |
| a |
|
Облака |
| 1 |
|
700 1 |
| a |
|
Макаров |
| b |
|
Е. |
| 464 |
Аналитический уровень |
_0 |
| 1 |
|
2001 |
| a |
|
На закате дня |
| 1 |
|
700 1 |
| a |
|
Коняев |
| b |
|
С. |
| 464 |
Аналитический уровень |
_0 |
| 1 |
|
2001 |
| a |
|
Солнечные блики |
| 1 |
|
700 1 |
| a |
|
Коняев |
| b |
|
С. |
| 464 |
Аналитический уровень |
_0 |
| 1 |
|
2001 |
| a |
|
Прощальный вальс |
| 1 |
|
700 1 |
| a |
|
Мотов |
| b |
|
В. |
| 464 |
Аналитический уровень |
_0 |
| 1 |
|
2001 |
| a |
|
Ты пойми |
| 1 |
|
700 1 |
| a |
|
Мотов |
| b |
|
В. |
| 464 |
Аналитический уровень |
_0 |
| 1 |
|
2001 |
| a |
|
Огни вечернего города |
| 1 |
|
700 1 |
| a |
|
Мещерин |
| b |
|
В. |
| 464 |
Аналитический уровень |
_0 |
| 1 |
|
2001 |
| a |
|
Пиццикато |
| 1 |
|
700 1 |
| a |
|
Мещерин |
| b |
|
В. |
| 464 |
Аналитический уровень |
_0 |
| 1 |
|
2001 |
| a |
|
Раз, два, три - казачок! |
| 1 |
|
700 1 |
| a |
|
Лепин |
| b |
|
А. |
| 464 |
Аналитический уровень |
_0 |
| 1 |
|
2001 |
| a |
|
Медленный фокстрот |
| 1 |
|
700 1 |
| a |
|
Агафонов |
| b |
|
О. |
| 464 |
Аналитический уровень |
_0 |
| 1 |
|
2001 |
| a |
|
Молдавская полька |
| 1 |
|
700 1 |
| a |
|
Агафонов |
| b |
|
О. |
| 464 |
Аналитический уровень |
_0 |
| 1 |
|
2001 |
| a |
|
Новогодний вальс |
| 1 |
|
700 1 |
| a |
|
Гаврилов |
| b |
|
Л. |
| 464 |
Аналитический уровень |
_0 |
| 1 |
|
2001 |
| a |
|
Хоровод |
| 1 |
|
700 1 |
| a |
|
Гаврилов |
| b |
|
Л. |
| 464 |
Аналитический уровень |
_0 |
| 1 |
|
2001 |
| a |
|
Свеределушул |
| e |
|
молд. нар. танец |
| 1 |
|
702 1 |
| a |
|
Балан |
| b |
|
П. |
| 4 |
|
030 |
| 464 |
Аналитический уровень |
_0 |
| 1 |
|
2001 |
| a |
|
Листопад |
| 1 |
|
700 1 |
| a |
|
Никифоров |
| b |
|
Ю. |
| 464 |
Аналитический уровень |
_0 |
| 1 |
|
2001 |
| a |
|
На эстакаде |
| 1 |
|
700 1 |
| a |
|
Никифоров |
| b |
|
Ю. |
| 464 |
Аналитический уровень |
_0 |
| 1 |
|
2001 |
| a |
|
Голубое небо |
| 1 |
|
700 1 |
| a |
|
Бинкин |
| b |
|
З. |
| 464 |
Аналитический уровень |
_0 |
| 1 |
|
2001 |
| a |
|
На заре |
| 1 |
|
700 1 |
| a |
|
Бинкин |
| b |
|
З. |
| 464 |
Аналитический уровень |
_0 |
| 1 |
|
2001 |
| a |
|
Вальс-экспромт |
| 1 |
|
700 1 |
| a |
|
Слонов |
| b |
|
Ю. |
| 464 |
Аналитический уровень |
_0 |
| 1 |
|
2001 |
| a |
|
Нам весело |
| 1 |
|
700 1 |
| a |
|
Мовчанюк |
| b |
|
Ф. |
| 464 |
Аналитический уровень |
_0 |
| 1 |
|
2001 |
| a |
|
Зеленый мыс |
| 1 |
|
700 1 |
| a |
|
Рохлин |
| b |
|
Е. |
| 464 |
Аналитический уровень |
_0 |
| 1 |
|
2001 |
| a |
|
У околицы |
| e |
|
муз. картинка |
| 1 |
|
700 1 |
| a |
|
Маруга |
| b |
|
Б. |
| 464 |
Аналитический уровень |
_0 |
| 1 |
|
2001 |
| a |
|
А где мне взять такую песню |
| 1 |
|
700 1 |
| a |
|
Пономаренко |
| b |
|
Г. |
| 464 |
Аналитический уровень |
_0 |
| 1 |
|
2001 |
| a |
|
Лирический вальс |
| 1 |
|
700 1 |
| a |
|
Иванов |
| b |
|
В. |
| 512 |
Заглавие обложки |
1_ |
| a |
Заглавие обложки |
Играй, мой баян |
| 606 |
Тематические рубрики |
0_ |
| a |
Основная рубрика |
Баян |
| x |
Основная подрубрика |
Ансамбли баянов |
| x |
Основная подрубрика |
Эстрадно-танцевальная музыка |
| 610 |
Ключевые слова |
0_ |
| a |
Ключевые слова |
баян |
| 610 |
Ключевые слова |
0_ |
| a |
Ключевые слова |
ансамбли баянов |
| 610 |
Ключевые слова |
0_ |
| a |
Ключевые слова |
эстрадно-танцевальная музыка |
| 686 |
Индексы других классификаций |
__ |
| a |
Классификационный индекс |
85.954.6я43 |
| 2 |
Код системы |
rubbk |
| 686 |
Индексы других классификаций |
__ |
| a |
Классификационный индекс |
85.952.456я43 |
| 801 |
Источник записи |
_0 |
| a |
Страна |
RU |
| b |
Организация |
Ульяновская ОНБ |
| c |
Дата составления |
20160413 |
| g |
Правила каталогизации |
RCR |
| 801 |
Источник записи |
_1 |
| a |
Страна |
RU |
| b |
Организация |
Ульяновская ОНБ |
| c |
Дата составления |
20160413 |
| g |
Правила каталогизации |
RCR |
| 901 |
Тип документа |
__ |
| t |
Тип документа |
n |
| w |
Контрольный № источника |
RU/IS/BASE/513343390 |
| 909 |
Создатель записи |
__ |
| a |
Создатель записи |
Никитина Т. А. |
| b |
Дата создания записи |
20160413 |
| 938 |
Служебная информация |
__ |
| a |
Имя БД |
noti |
| b |
Имя библиотеки |
УОНБ |
| c |
Имя АИБС |
МАРК-SQL |
| d |
Номер DOC_ID в БД |
14528 |